Statistics for Jump Between European Country Centers: Most Isolated from Remaining Ones (with map)

Click here to take the quiz!

General Stats

  • This quiz has been taken 193 times
  • The average score is 12 of 44

Answer Stats

D (km)COUNTRY% Correct
3,388Russia
99%
1,433Iceland
92%
698Malta
67%
529Norway
63%
511Sweden
44%
646Finland
42%
512Denmark
37%
593United Kingdom
37%
381Portugal
36%
364Ireland
35%
968Spain
35%
432France
34%
372Poland
28%
458Andorra
27%
298Ukraine
27%
336Belarus
26%
335Germany
24%
280Greece
24%
96Liechtenstein/Switerzland
24%
351Monaco
24%
303Romania
24%
685Moldova
23%
314Bulgaria
22%
519Italy
19%
109Vatican City
19%
171Austria
18%
258Czech Republic
18%
204Estonia
18%
326Hungary
18%
181Latvia
18%
787Lithuania
18%
185Netherlands
18%
194Bosnia and Herzegovina
17%
360Luxembourg
17%
175Slovakia
17%
170Slovenia
17%
145Albania
16%
143Belgium
16%
148Croatia
16%
134Macedonia
16%
118San Marino
16%
162Serbia
16%
128Kosovo
15%
580Montenegro
15%

Score Distribution

Percentile by Number Answered

Percent of People with Each Score

Your Score History

You have not taken this quiz